Psychological testing and assessment :an introduction to tests and measurement
Salvato in:
| Autore principale: | |
|---|---|
| Natura: | Libro |
| Lingua: | inglese |
| Pubblicazione: |
McGraw Hill Education
2018
|
| Tags: |
Aggiungi Tag
Nessun Tag, puoi essere il primo ad aggiungerne!!
|
MARC
| LEADER | 00000nam a22000007a 4500 | ||
|---|---|---|---|
| 008 | 210909b ||||| |||| 00| 0 eng d | ||
| 020 | |a 9781259922084 | ||
| 100 | |a COHEN, Ronald Jay |a SWERDLIC, Mark E. | ||
| 245 | |a Psychological testing and assessment |b :an introduction to tests and measurement |c Ronald Jay Cohen [and] Mark E. Swerdlick |g xxix, 1988p.:ill. | ||
| 250 | |b 9th ed. (International student ed.) | ||
| 260 | |b McGraw Hill Education |c 2018 |h New York |i 696041 |i 696042 |i 696043 |l BF176.C66 |m Psychological tests--Textbooks |m Psychometrics-- Textbooks | ||
| 500 | |a It includes index and references | ||
| 942 | |a lcc |c BK |e Kuteyi, M. A. |f 9/9/2021 | ||
| 952 | |0 0 |1 0 |2 lcc |4 0 |6 BF0176 C66 |7 0 |9 3493 |a HOL |b HOL |c AF |d 2021-09-09 |l 0 |o BF176.C66 |p 2021-67218 |r 2021-09-09 00:00:00 |w 2021-09-09 |y BK | ||
| 952 | |0 0 |1 0 |2 lcc |4 0 |6 BF0176 C66 |7 0 |9 3494 |a HOL |b HOL |c AF |d 2021-09-09 |l 0 |o BF176.C66 |p 2021-67219 |r 2021-09-09 00:00:00 |w 2021-09-09 |y BK | ||
| 952 | |0 0 |1 0 |2 lcc |4 0 |6 BF0176 C66 |7 0 |9 3495 |a HOL |b SSL |c AF |d 2021-09-09 |l 0 |o BF176.C66 |p 2021-67222 |r 2021-09-09 00:00:00 |w 2021-09-09 |y BK | ||
| 999 | |c 1736 |d 1736 | ||